Monopoly Trivia - Statistics

General Stats
  • This quiz has been taken 52 times
  • The average score is 7 of 10
Answer Stats
Hint Answer % Correct
How many railroads are there in total? 4
100%
How much money can you get after passing "GO"? $200
93%
Houses are green, hotels are? Red
93%
If you land on someone elses property, what do you have to do? Pay
87%
What could you roll to get out of jail? Doubles
78%
What two cards could you get that will give you or make you lose money? Chance
65%
Whats the most expensive property you could purchase? Boardwalk
63%
Community Chest
59%
When you need to pay $75, what is it called? Luxury Tax
46%
How many houses can you get before you can get a hotel? 4 houses
9%
No matching quizzes found
Score Distribution
Percent of People with Each Score
Percentile by Number Answered
Your Score History
You have not taken this quiz